| 000 | 00536nam a2200181 i 4500 | ||
|---|---|---|---|
| 001 | 88063 | ||
| 003 | ES-MaACL | ||
| 007 | t| | ||
| 008 | 050103s1945 sp ||||1| spa d | ||
| 100 | 1 |
_aLabrada, Alvaro. _969277 |
|
| 245 | 1 | 0 |
_aSan Gonzalo / _cAlvaro Labrada. |
| 260 |
_a[S.l.] : _bEditora Nacional, _c1945 ( _fUguina) |
||
| 300 |
_a171 p. ; _c17 cm. |
||
| 490 | 1 | _aBreviarios de la vida espaƱola | |
| 830 | 0 | 0 |
_aBreviarios de la vida espaƱola _9180821 |
| 852 |
_aES-MaACL _jG-14911 _bR.23351 |
||
| 999 |
_c88063 _d88063 |
||